000 01260nmm a2200361 a 4500
003 AR-X00000XY
005 20251128211918.0
008 167020s1990 ||||||||||||||000 | spa||
020 _a958-612-057-0
040 _cAR-X00000XY
245 1 0 _aAluna
_bimagen y memoria de las Jornadas Regionales de Cultura Popular
260 _aBogotá
_bColcultura
_c1990
300 0 _a368 p.
500 0 _aDonación de la Embajada de Colombia en Buenos Aires
500 0 _aIncluye poesías en p. 287-291
500 0 _aLa obra contiene los trabajos presentados durante las 5 jornadas llevadas a cabo en diferentes ciudades de Colombia desde abril a noviembre del año 1989
650 4 _aFOLKLORE
650 4 _aLITERATURA FOLKLORICA
650 4 _aMUSICA FOLKLORICA
650 4 _aFESTIVALES
650 4 _aPOBLACIONES ABORIGENES
650 4 _aCOSTUMBRES Y TRADICIONES
650 4 _aIDENTIDAD CULTURAL
650 4 _aETNOGRAFIA
650 4 _aANTROPOLOGIA
650 4 _aFIESTAS POPULARES
651 4 _aColombia
700 1 _aTriana Varón, Gloria
_ecompilador
700 1 _aOspina, Viki
_efotógrafo
710 1 _aColombia. Presidencia de la República
_bDepartamento Administrativo. Plan Nacional de Rehabilitación
942 _cBK
998 _cNancy
999 _c21589
_d21589